书目信息 |
| 题名: |
PPP项目运作与法律实务
|
|
| 作者: | 张国印 编著 | |
| 分册: | ||
| 出版信息: | 北京 中国建筑工业出版社 2019.01 |
|
| 页数: | 269页 | |
| 开本: | 20cm | |
| 丛书名: | ||
| 单 册: | ||
| 中图分类: | D922.280.4 | |
| 科图分类: | ||
| 主题词: | 法律--中国 | |
| 电子资源: | ||
| ISBN: | 978-7-112-22816-4 | |
| 000 | 00589nam0 2200193 45 | |
| 001 | 1939974718 | |
| 005 | 20190307110838.68 | |
| 010 | @a978-7-112-22816-4@dRMB 60.00 | |
| 100 | @a20190307d2019 km y0chiy0120 ea | |
| 101 | 0 | @achi |
| 102 | @aCN@b110000 | |
| 200 | 1 | @aPPP项目运作与法律实务@APPP xiang mu yun zuo yu fa lu shi wu@f张国印编著@Fzhang guo yin bian zhu |
| 210 | @a北京@c中国建筑工业出版社@d2019.01 | |
| 215 | @a269页@d20cm | |
| 606 | 0 | @a法律@x中国 |
| 690 | @aD922.280.4@v4 | |
| 701 | 0 | @a张国印@Azhang guo yin@4编著 |
| 801 | 0 | @aCN@bPFT@c20190307 |
| 905 | @a10447@dD922.280.4@eZ108 | |
| PPP项目运作与法律实务/张国印编著.-北京:中国建筑工业出版社,2019.01 |
| 269页;20cm |
| ISBN 978-7-112-22816-4:RMB 60.00 |
| ● |
| 相关链接 |
|
|
|
正题名:PPP项目运作与法律实务
索取号:D922.280.4/Z108
 
预约/预借
| 序号 | 登录号 | 条形码 | 馆藏地/架位号 | 状态 | 备注 |
| 1 | 1301997 | 213019972 | 社科库509/509社科库 86排9列4层/ [索取号:D922.280.4/Z108] | 在馆 |